00911nam a22002297a 450000500170000001000150001702000260003203500140005803500140007203700090008608200120009524500820010726000550018927000480024430000210029250001230031370000330043670000370046994200260050699900190053295201300055120240604131509.0 aENG-140571 c950.00a9789387380301 aEN-124093 aEN-124063 aDBAD a370.115 aEducational Access And ExcellencecEdited by Tapas R. Dash, Manaranjan Behera aNew DelhibAllied Publishers Private Limitedc2017 aA-104, Mayapuri Phase IIbNew Delhie110064 a288p. c24cm(hb) aThis book is about a conference which was held in 2015 Association of Southeast Asian Institutions of Higher Learning. aTapas R. DasheEditor967315 aManaranjan BeheraeEditor967316 2ddch370.115cENmEDU c203501d203501 001040708NFICaCJbCJd2024-06-04eDBADg950.00l0o370.115 EDUpEN-124103r2024-06-04 00:00:00t1v950.00w2024-06-04yEN